000 00715nam a2200265Ia 4500
005 20260121165248.0
008 008 260114s9999 xx 000 0 eng d
020 _a9783319335032
037 _aEBOOK
040 _aCRL
040 _beng
040 _cCRL
041 _2eng
041 _aeng
084 _qCRL
100 _aAlexey Bolsinov, Juan J. Morales-Ruiz, Nguyen Tien Zung, Eva Miranda, Vladimir Matveev
_91049519
245 0 _aGeometry and Dynamics of Integrable Systems
260 _bSpringer
260 _bSpringer
260 _c2016
856 _uhttps://link.springer.com/openurl?genre=book&isbn=978-3-319-33503-2
942 _cEBOOK
999 _c1615244
_d1615244